000 01169nam a2200301 i 4500
003 EG-GICUC
005 20260430124731.0
008 260430s1933 it ||f |||| 001 0 ita d
040 _aEG-GiCUC
_cEG-GiCUC
_dEG-GiCUC
_eRda
_bita
041 0 _aita
082 0 4 _221
_a343.045
_bMA . T
092 0 4 _221
099 _aLaw1 10 343.045 MA . T 1933 1011421 V2, C1
100 1 _aManzini , Vincenzo
_eAuthor.
245 1 0 _aTrattato di Diritto Penale Italiano :
_bSecondo Il Codice Del 1930.
_nVolume Secondo ,
_pDirturati, Ageraranti Attennanti - Tentative Partecipazione - Cononese Il Reali Recidiva /
_cAvv. Vincenzo Manzini.
264 1 _aTorino :
_bUnione Tipografico-Editrice Torinese ,
_c1933.
300 _a624 page ;
_c24 cm.
_billustrations,
336 _2rda contenu
_a texte
337 _2rda medias
_aOrdinateur
338 _2 transporteur rda
_a Ressource en ligne
500 _aIndice Pagine : 604-624.
504 _aInclude riferimenti bibliografici
650 1 4 _aDiritto penale
_2qrmak
651 1 _aItalia
_xLeggi e legislazione
_2qrmak
856 4 0 _uhttps://fll.law.cu.edu.eg/fulltext/bks/B10-11421.pdf
905 _a164
942 _2ddc
_cBK
_e21
_n0
999 _c74509
_d74509